00489 2200181 4500001002100000008004100021035002000062245006100082100001700143250001800160260004100178300002000219020001800239084001400257082000800271650001200279990001600291INLIS000000000000013 ind  a0010-0425000013 aBertaman Kangkung Dengan Media Arang SekamcAminah Salam aAminah Salam aCetakan Kedua aBandung :bPT.Sinerji Pustaka,c2010 a68 hlm.c25 cm. a979-745-437-1 a375 AMI b a375 aTanaman a00000000014